000 00854cam a22001934a 4500
005 20250605164041.0
008 250528s ||||||||||||||||||||||||d
035 _a16974
020 _a47900075
040 _aGR-AtMCL
_bgre
_dGR-AtMCL
_eAACR2
245 1 _aLeisure and the Future
260 _bAllen & Unwin,
_c1987
300 _a202
520 _aPreface, Questions of Leisure and Values and Economics, Back to the Future: Philosophers and Visionaries and Utopians, The Post-Industrial Society: An Appraisal, The Shortage of Work I: Changing Attitudes, The Shortage of Work II: Sharing the World Around, Political Dimensions, The Leisure Forecasting Tradition, Leisure Providers and Their Futures, Concluding Thoughts, Bibliography, Author and Subject Index.
700 1 _aVeal A.J
_93095
942 _cBK
999 _c2417
_d2417